00558nam a2200157Ia 4500003000900000008004100009020001800050040001600068080002200084245016000106260003700266300001700303650001400320650004100334700002500375IN-BaIIA211028s9999 xx 000 0 eng d a0-7923-3554-6 cIIA Library a082.2:52bIAU-H10 0aHighlights of astronomy, vol.10, as presented at the XXIInd genral assembly of the IAU, 1994cedited by I. Appenzeller  aDordrechtbKluwer Academicc1995 axxiii, 706p. aAstronomy aAstronomy and Astrophysics Thesaurus aAppenzeller, I., ed.